Sports Quiz

Random Sports or Auto Racing Quiz

Most Laps Led in the Indianapolis 500 by Car Number Quiz Stats

Quiz not verified by Sporcle

Score 0/73 Timer 10:00
0 Plays Today
Car Number Driver % Correct
2Al Unser Sr.
97.7%
5Mario Andretti
97.7%
31Al Unser, Jr.
97.7%
80Al Unser, Sr.
97.7%
84John Andretti
97%
3Bobby Unser
96.6%
12Bobby Unser
96.6%
48Bobby Unser
96.6%
1A. J. Foyt
96.2%
10Dario Franchitti
95.1%
27Dario Franchitti
95.1%
50Dario Franchitti
92.9%
9Scott Dixon
92%
20Gordon Johncock
89.4%
11Tony Kanaan
88.6%
68Helio Castroneves
88.3%
38Graham Rahal
87.5%
40Parnelli Jones
87.5%
98Parnelli Jones
87.5%
51Eddie Cheever
86%
70Davy Jones
86%
19Jim Clark
84.8%
82Jim Clark
84.8%
92Jim Clark
84.8%
91Buddy Lazier
84.1%
14Bill Vukovich
83.3%
26Bill Vukovich
83.3%
43Jackie Stewart
80.7%
30Arie Luyendyk
79.9%
15Buddy Rice
76.9%
4Ralph DePalma
73.5%
32Ray Harroun
73.1%
67Ed Carpenter
73.1%
52Tomas Scheckter
72%
24Scott Goodyear
71.6%
36Louis Meyer
70.8%
45Louis Meyer
70.8%
Car Number Driver % Correct
8Pat Flaherty
68.9%
64Pat Flaherty
68.9%
21Roberto Guerrero
67.8%
88Eddie Sachs
67%
37Scott Brayton
66.7%
22Ted Horn
65.9%
60Joe Leonard
65.9%
83Charlie Kimball
65.9%
6Wilbur Shaw
65.2%
41Robby Gordon
65.2%
99Lee Wallard
64.4%
25Danny Ongais
64%
74Dan Gurney
62.5%
77Alex Tagliani
61.7%
97Greg Ray
61.7%
66Mark Donahue
59.1%
35Jimmy Murphy
58%
56Jim Hurtubise
57.2%
7Bill Holland
56.4%
16Bill Holland
56.4%
17Dario Resta
54.5%
81John Paul, Jr.
54.2%
55Josele Garza
53.4%
53Troy Ruttman
48.5%
33Rex Mays
48.1%
23Floyd Roberts
45.5%
18Mauricio Gugelmin
43.2%
54Duke Nalon
42.4%
59Fred Agabashian
37.5%
29Paul Russo
36.7%
44Alex Barron
35.6%
34Fred Frame
35.2%
76Jimmy Davies
35.2%
61Bob Carey
34.5%
28David Bruce-Brown
29.9%
39Jimmy Gleason
20.5%

You're not logged in!

Compare scores with friends on all Sporcle quizzes.
Sign Up with Email
OR
Log In

You Might Also Like...

Show Comments

Extras

Top Quizzes Today


Score Distribution

Your Account Isn't Verified!

In order to create a playlist on Sporcle, you need to verify the email address you used during registration. Go to your Sporcle Settings to finish the process.